[Event "Niedersachsen-ch Seniors op 14th"]
[Site "Bad Bevensen"]
[Date "2011.07.13"]
[Round "9"]
[White "Fischer, Paul"]
[Black "Scholtyssek, Werner"]
[Result "1/2-1/2"]
[WhiteElo "1670"]
[BlackElo "1609"]
[PlyCount "77"]
[EventDate "2011.07.05"]
[EventType "swiss"]
[EventRounds "9"]
[EventCountry "GER"]
[SourceTitle "EXT 2012"]
[Source "ChessBase"]
[SourceDate "2011.11.24"]
[SourceVersion "1"]
[SourceVersionDate "2011.11.24"]
[SourceQuality "1"]

1. e3 c5 2. Nc3 g6 3. Nf3 Bg7 4. d4 cxd4 5. exd4 d5 6. Bf4 Nf6 7. Nb5 Na6 8. c3 0-0 9. Bd3 Bd7 10. 0-0 Bxb5 11. Bxb5 Nc7 12. Bd3 Re8 13. h3 a6 14. Qb3 Ne6 15. Be3 b5 16. a4 Nc7 17. axb5 axb5 18. Bf4 Rb8 19. Ra7 Rc8 20. Rxc7 Rxc7 21. Bxc7 Qxc7 22. Re1 e6 23. Ra1 Rb8 24. Qb4 Bf8 25. Qb3 Ne8 26. Ne5 Nd6 27. Ra6 Nc4 28. Nc6 Rb6 29. Rxb6 Qxb6 30. Nb4 Bd6 31. Nc2 Kg7 32. Ne1 Qa5 33. Nc2 Qb6 34. Ne1 Qa6 35. Nc2 Qa5 36. g3 Qb6 37. Kg2 Qa5 38. h4 h5 39. Kh3 1/2-1/2

[Event "GER-ch Seniors 22nd"]
[Site "Berlin"]
[Date "2010.08.16"]
[Round "1"]
[White "Fischer, Paul"]
[Black "Leiber, Bernhard"]
[Result "1-0"]
[WhiteElo "1713"]
[BlackElo "2043"]
[PlyCount "87"]
[EventDate "2010.08.16"]
[EventType "swiss"]
[EventRounds "9"]
[EventCountry "GER"]
[SourceTitle "CBM 138 Extra"]
[Source "ChessBase"]
[SourceDate "2010.10.29"]
[SourceVersion "1"]
[SourceVersionDate "2010.10.29"]
[SourceQuality "1"]

1. Nc3 d5 2. e4 d4 3. Nce2 Nc6 4. Ng3 e5 5. Bc4 Bd6 6. Nf3 Qe7 7. d3 Bd7 8. c3 dxc3 9. bxc3 Na5 10. Bb3 Nxb3 11. axb3 Nf6 12. h3 h6 13. Be3 a5 14. 0-0 0-0 15. Nd2 c5 16. Nh5 Nh7 17. Nc4 Bc7 18. f4 b5 19. Nb2 f5 20. exf5 Bxf5 21. Qf3 e4 22. dxe4 Bxe4 23. Qf2 Bd6 24. Rfd1 Rfc8 25. Rd2 Ra6 26. Ng3 Nf6 27. Qe2 Qb7 28. Nh5 Be7 29. Ng3 Bg6 30. Qf2 c4 31. bxc4 b4 32. cxb4 Bxb4 33. Re2 Rd6 34. c5 Rd5 35. Na4 Rcd8 36. f5 Bf7 37. Kh2 Rd3 38. Bf4 Qc6 39. Bd6 Bb3 40. Nb2 Rd5 41. Qf3 a4 42. Nd3 Bc3 43. Ne5 Qb5 44. Qxc3 1-0

[Event "Bad Bertrich Seniors op 17th"]
[Site "Bad Bertrich"]
[Date "2009.12.10"]
[Round "7"]
[White "Fischer, Paul"]
[Black "Limberg, Siegfried"]
[Result "0-1"]
[WhiteElo "1759"]
[BlackElo "2020"]
[PlyCount "52"]
[EventDate "2009.12.04"]
[EventType "swiss"]
[EventRounds "9"]
[EventCountry "GER"]
[SourceTitle "EXT 2022"]
[Source "ChessBase"]
[SourceDate "2021.10.06"]
[SourceVersion "1"]
[SourceVersionDate "2021.10.06"]
[SourceQuality "1"]

1. Nc3 d5 2. e4 d4 3. Nce2 c5 4. Ng3 Nc6 5. Bc4 Nf6 6. f4 e6 7. Nf3 a6 8. a4 b6 9. d3 Be7 10. 0-0 0-0 11. Bd2 Bb7 12. Ng5 h6 13. Nf3 Qc7 14. f5 Bc8 15. e5 Ng4 16. Nxd4 Ngxe5 17. Nxc6 Qxc6 18. Bb3 c4 19. dxc4 Nxc4 20. Bxc4 Qxc4 21. Qf3 Ra7 22. f6 Bxf6 23. Bxh6 Bxb2 24. Nh5 Bxa1 25. Qg3 Qc5+ 26. Be3 Qxh5 0-1

[Event "GER-ch Seniors 21st"]
[Site "Dresden"]
[Date "2009.08.07"]
[Round "6"]
[White "Merettig, Georg"]
[Black "Fischer, Paul"]
[Result "1-0"]
[WhiteElo "1953"]
[BlackElo "1909"]
[PlyCount "145"]
[EventDate "2009.08.03"]
[EventType "swiss"]
[EventRounds "9"]
[EventCountry "GER"]
[SourceTitle "CBM 131 Extra"]
[Source "ChessBase"]
[SourceDate "2009.09.03"]
[SourceVersion "2"]
[SourceVersionDate "2009.09.16"]
[SourceQuality "1"]

1. Nc3 d6 2. f4 g6 3. e4 Bg7 4. d4 Nc6 5. Nf3 Bg4 6. Be3 e5 7. Bb5 exd4 8. Bxd4 Bxf3 9. gxf3 Qh4+ 10. Ke2 Bxd4 11. Qxd4 Qf6 12. Qc4 Nge7 13. Nd5 Nxd5 14. Bxc6+ bxc6 15. Qxc6+ Ke7 16. exd5 Rhc8 17. Kf2 Kf8 18. Qc3 Qxc3 19. bxc3 Rab8 20. Rab1 Ke7 21. Rb3 Kd7 22. Rhb1 Rb6 23. Ke3 Ra6 24. R1b2 Ra4 25. Rb4 Ra3 26. Kd2 Ra6 27. Re4 Rb6 28. Rb3 Ra6 29. a3 Rb6 30. c4 Re8 31. Rbe3 Rxe4 32. fxe4 Rb1 33. e5 Rf1 34. Rh3 h5 35. Rh4 Rf3 36. c3 Rf2+ 37. Ke3 Ra2 38. exd6 Kxd6 39. f5 Rxa3 40. fxg6 fxg6 41. Kd4 Kd7 42. Rf4 Ra2 43. Rf7+ Kc8 44. Kc5 Ra5+ 45. Kc6 Ra6+ 46. Kb5 Rd6 47. Rf8+ Kd7 48. Ra8 Rb6+ 49. Kc5 Ra6 50. Rg8 Ke7 51. Rg7+ Kd8 52. Kd4 Ra2 53. Rxg6 Rxh2 54. Ra6 Rd2+ 55. Ke3 Rc2 56. Kd3 Rg2 57. Rxa7 h4 58. Ra8+ Kd7 59. Rh8 Rg3+ 60. Kd4 h3 61. Rh7+ Kd8 62. c5 Rg4+ 63. Kd3 Rg3+ 64. Kc4 Rf3 65. Kb5 Rxc3 66. Kc6 Ra3 67. Rh8+ Ke7 68. Kxc7 Kf6 69. d6 Kg6 70. d7 Ra7+ 71. Kd6 Ra3 72. d8Q Rd3+ 73. Kc7 1-0

[Event "GER-ch Seniors 21st"]
[Site "Dresden"]
[Date "2009.08.07"]
[Round "5"]
[White "Oehlmann, Dieter"]
[Black "Fischer, Paul"]
[Result "1/2-1/2"]
[WhiteElo "2037"]
[BlackElo "1909"]
[PlyCount "80"]
[EventDate "2009.08.03"]
[EventType "swiss"]
[EventRounds "9"]
[EventCountry "GER"]
[SourceTitle "CBM 131 Extra"]
[Source "ChessBase"]
[SourceDate "2009.09.03"]
[SourceVersion "2"]
[SourceVersionDate "2009.09.16"]
[SourceQuality "1"]

1. e4 c6 2. d4 Na6 3. Nf3 g6 4. Be3 Bg7 5. Nc3 Nc7 6. Qd2 Nf6 7. h3 d6 8. Bh6 0-0 9. Bxg7 Kxg7 10. g4 d5 11. 0-0-0 Nxe4 12. Nxe4 dxe4 13. Ng5 e3 14. Qxe3 Qd5 15. Ne4 Qxa2 16. Nc3 Qe6 17. Qf3 Bd7 18. Bd3 Nd5 19. Bc4 Qf6 20. Bxd5 cxd5 21. Qg3 Bc6 22. Rhe1 e6 23. Re5 h6 24. f4 Qe7 25. f5 Qg5+ 26. Kb1 gxf5 27. Qf2 Kh7 28. gxf5 Qf6 29. Rf1 Rg8 30. fxe6 Qxf2 31. Rxf2 fxe6 32. Rxe6 Raf8 33. Rfe2 Rg7 34. b4 a6 35. R2e3 Rf4 36. Ne2 Re4 37. R6xe4 dxe4 38. Nc3 Re7 39. d5 Bxd5 40. Nxd5 Re5 1/2-1/2

[Event "GER-ch Seniors Gp-B 19th"]
[Site "Templin"]
[Date "2007.08.29"]
[Round "7"]
[White "Fischer, Paul"]
[Black "Husser, Oskar"]
[Result "1/2-1/2"]
[WhiteElo "1688"]
[BlackElo "1769"]
[PlyCount "109"]
[EventDate "2007.08.23"]
[EventType "swiss"]
[EventRounds "9"]
[EventCountry "GER"]
[SourceTitle "EXT 2022"]
[Source "ChessBase"]
[SourceDate "2021.10.06"]
[SourceVersion "1"]
[SourceVersionDate "2021.10.06"]
[SourceQuality "1"]

1. Nc3 d5 2. e4 d4 3. Nce2 e5 4. Ng3 Bd6 5. Bc4 Qf6 6. d3 Ne7 7. h3 Bb4+ 8. Bd2 Bxd2+ 9. Qxd2 Nbc6 10. N1e2 g6 11. f4 Be6 12. Bxe6 Qxe6 13. 0-0 f6 14. b4 a6 15. a4 0-0 16. b5 Na7 17. bxa6 Qxa6 18. fxe5 fxe5 19. Qg5 Qe6 20. Nh5 Nac6 21. Nf6+ Kg7 22. Nh5+ Kh8 23. Qh6 Qg8 24. Nf6 Qg7 25. Qxg7+ Kxg7 26. Nd7 Rxf1+ 27. Kxf1 b6 28. Nxe5 Nxe5 29. Nxd4 c5 30. Nb3 N7c6 31. Ke1 Kf6 32. Kd2 Ke6 33. c3 Rf8 34. Ke2 Kd6 35. a5 b5 36. d4 cxd4 37. cxd4 Nc4 38. a6 Na7 39. Nc5 Rb8 40. Rf1 Ke7 41. Kd3 Nd6 42. e5 Nf5 43. g4 Ng7 44. d5 Rc8 45. d6+ Kd8 46. Nb7+ Ke8 47. d7+ Kxd7 48. Rf7+ Ke6 49. Rxg7 Kxe5 50. Rxh7 Rc6 51. Nc5 Nc8 52. a7 Nxa7 53. Nd7+ Kf4 54. Nb8 Rd6+ 55. Kc3 1/2-1/2